000 00300nam a2200121Ia 4500
008 191201s2012 xx 000 0 und d
100 _aKAILA,HL
245 0 _aHuman Resource Development and Organizational Psychology
260 _bAITBS Pub
_c2012
300 _a305
650 _aMBA
942 _2ddc
_cBK
999 _c7005
_d7005